00704nam a2200229Ia 4500003000900000008004100009040001300050040001300063041000800076100001600084245006000100250001100160260001400171260000900185300001100194300001000205490002300215490000900238942000700247999001700254952020300271IT-RoPAU120407s9999 xx 000 0 und d aIT-RoPAU cIT-RoPAU aita aJean Vanier aLi fece uomo e donna. Per una vita d’amore autentica. aMilano aJaca Book c1986 a190 p. c23 cm aGià e non ancora v1130 cBK c27901d27901 00102ddc406301_400000000000000_1971aPAULUSbPAULUSd2012-04-11l0o301.4.19r2012-04-11 00:00:00w2012-04-11yBKzInserito da: Jole In data: 27 settembre 2011 fondo: Via A.Severo 56 Progr:24579